000 00324nam a22001337a 4500
020 _a978-0-7434-8426-8
082 _a158
_bCON/S
100 _aCOVEY,SEAN
245 _aTHE SEVEN HABITS OF HIGHLY EFFECTIVE TEENAGERS
260 _aLONDON
_bPOCKET BOOKS
300 _a272
650 _aPERSONALITY DEVELOPMENT
_zUK
942 _cBK
999 _c5078
_d5078